000 00623nam a2200241Ia 4500
003 OSt
005 20221007074303.0
006 a|||||r|||| 00| 0
007 ta
008 221006b |||||||| |||| 00| 0 eng d
024 _a32,313
037 _cTextual
040 _aFLL
_cFLL
_beng
041 _2eng
_aeng
082 _aZ3,6, P9
100 _aSetalvad Atul M.
_9692884
245 0 _aConflict of laws
250 _a2nd
260 _aNagpur
_bLexis Nexis Butterworths Wadhwa India
_c2009
300 _alxiv,793p
_ccm.
942 _hZ3,6, P9
_cTEXL
_2CC
999 _c1151790
_d1151790